Corpses, Cats & Mouldy Cheese : (Record no. 177928)
[ view plain ]
| 000 -LEADER | |
|---|---|
| fixed length control field | 01559nam a2200361 ib4500 |
| 003 - CONTROL NUMBER IDENTIFIER | |
| control field | OSt |
| 005 - DATE AND TIME OF LATEST TRANSACTION | |
| control field | 20200701111008.0 |
| 008 - FIXED-LENGTH DATA ELEMENTS--GENERAL INFORMATION | |
| fixed length control field | 200629t20182018enkao j 001 0 eng d |
| 020 ## - INTERNATIONAL STANDARD BOOK NUMBER | |
| International Standard Book Number | 9781788560009 |
| Terms of availability | RM75.89 |
| Qualifying information | paperback |
| 040 ## - CATALOGING SOURCE | |
| Original cataloging agency | PPAK |
| Language of cataloging | eng |
| Transcribing agency | PPAK |
| Description conventions | rda |
| 082 04 - DEWEY DECIMAL CLASSIFICATION NUMBER | |
| Edition number | 23 |
| Classification number | 595.7 |
| 090 00 - LOCALLY ASSIGNED LC-TYPE CALL NUMBER (OCLC); LOCAL CALL NUMBER (RLIN) | |
| Classification number (OCLC) (R) ; Classification number, CALL (RLIN) (NR) | 595.7 |
| Feature heading | OWE |
| Feature heading | K |
| 100 1# - MAIN ENTRY--PERSONAL NAME | |
| Personal name | Owen, Ruth, |
| Relator term | author. |
| Dates associated with a name | 1967- |
| 245 10 - TITLE STATEMENT | |
| Title | Corpses, Cats & Mouldy Cheese : |
| Remainder of title | The Places Insects Live / |
| Statement of responsibility, etc. | by Ruth Owen and Ross Piper ; Editor : Mark J. Sachner ; Designer : Emma Randall |
| 246 33 - VARYING FORM OF TITLE | |
| Title proper/short title | Corpses, cats and mouldy cheese |
| 264 #1 - PRODUCTION, PUBLICATION, DISTRIBUTION, MANUFACTURE, AND COPYRIGHT NOTICE | |
| Place of production, publication, distribution, manufacture | Tunbridge Wells : |
| Name of producer, publisher, distributor, manufacturer | Ruby Tuesday Books, |
| Date of production, publication, distribution, manufacture, or copyright notice | 2018 |
| Date of production, publication, distribution, manufacture, or copyright notice | ©2018 |
| 300 ## - PHYSICAL DESCRIPTION | |
| Extent | 32 pages : |
| Other physical details | colour illustrations, colour photographs ; |
| Dimensions | 28 cm |
| 336 ## - CONTENT TYPE | |
| Source | rdacontent |
| Content type term | text |
| 337 ## - MEDIA TYPE | |
| Source | rdamedia |
| Media type term | unmediated |
| 338 ## - CARRIER TYPE | |
| Source | rdacarrier |
| Carrier type term | volume |
| 490 1# - SERIES STATEMENT | |
| Series statement | THE SECRET LIVES OF INSECTS |
| 500 ## - GENERAL NOTE | |
| General note | Includes index |
| 520 ## - SUMMARY, ETC. | |
| Summary, etc. | Inside this book, meet 12 insects that take "home sweet home" to a whole new level. From maggots that wriggle and crawl through blocks of cheese to the tiny bloodsuckers that set up home on our pets, every page is packed with truly unbelievable facts. Perfect for reluctant readers, these books deliver life sciences in the creepiest, yuckiest way possible! |
| 650 10 - SUBJECT ADDED ENTRY--TOPICAL TERM | |
| Topical term or geographic name entry element | Insects |
| Form subdivision | Juvenile literature |
| Topical term or geographic name entry element | Insects |
| 655 7# - INDEX TERM--GENRE/FORM | |
| Genre/form data or focus term | Juvenile works |
| Genre/form data or focus term | Juvenile literature |
| 700 1# - ADDED ENTRY--PERSONAL NAME | |
| Personal name | Sachner, Mark J., |
| Relator term | editor. |
| Personal name | Randall, Emma, |
| Relator term | illustrator. |
| 830 #0 - SERIES ADDED ENTRY--UNIFORM TITLE | |
| Uniform title | The secret lives of insects |
| 942 ## - ADDED ENTRY ELEMENTS (KOHA) | |
| Source of classification or shelving scheme | Dewey Decimal Classification |
| Koha item type | Book |
| Withdrawn | Not for loan | Current library | Shelving location | Date acquired | Total Checkouts | Full call number | Barcode | Date last seen | Date last checked out | Koha item type |
|---|---|---|---|---|---|---|---|---|---|---|
| Perpustakaan Alor Setar | Pinjaman Kanak-kanak | 05/08/2020 | 1 | K 595.7 OWE | A01645408 | 27/03/2025 | 26/11/2022 | Book |